| Поле | Инд. | ПП | Название | Значение |
|---|---|---|---|---|
| Тип записи | a | |||
| Библиографический уровень | m | |||
| 001 | Контрольный номер | RU/IS/BASE/314970828 | ||
| 005 | Дата корректировки | 20150512134018.2 | ||
| 020 | a | ISBN | 978-5-7677-1216-8 | |
| c | Цена, тираж | 30.00 | ||
| 040 | a | Служба первич. каталог. | НБ ТвГУ | |
| b | Код языка каталог. | rus | ||
| e | Правила каталог. | PSBO | ||
| 041 | 0_ | a | Код языка текста | rus |
| 080 | a | Индекс УДК | 004(082) | |
| 084 | a | Индекс другой классификации/Индекс ББК | З81я5 | |
| 090 | a | Полочн. индекс | З81 | |
| x | Авторский знак | К 63 | ||
| 098 | d | Инвентарный ОРК | 950261 | |
| 245 | 10 | a | Заглавие | Компьютерные технологии и моделирование |
| b | Продолж. заглавия | сборник научных трудов | ||
| c | Ответственность | ФГОУ ВПО "Чуваш. гос. ун-т им. И. Н. ульянова" ; [отв. ред. В. П. Желтов] | ||
| n | Номер части/ раздела | Вып. 4 | ||
| 260 | a | Место издания | Чебоксары | |
| b | Издательство | Чувашский государственный университет | ||
| c | Дата издания | 2008 | ||
| 300 | a | Объем | 87 с. | |
| b | Иллюстрации/ тип воспроизводства | ил. | ||
| c | Размеры | 20 см. | ||
| 504 | a | Библиография | Библиогр. в конце ст. | |
| 520 | 0_ | a | Аннотация | Содержит математические модели и алгоритмы обработки языка и речи. Рассмотрены процессор морфотактических парадигм чувашского языка и организация корректора орфографических ошибок в синтезаторе чувашской речи. Разработаны алгоритмы преобразования, анализа сетей Петри и моделирование систем с переменной структурой. Приведены результаты непрерывного вейвлет-преобразования для реконструкции акустического сигнала. Для научных работников, аспирантов и студентов старших курсов. |
| 653 | 0_ | a | Ключевые слова | Акустические сигналы |
| a | Ключевые слова | Вейвлет-преобразования | ||
| a | Ключевые слова | Информационные технологии | ||
| a | Ключевые слова | Компьютерное моделирование | ||
| a | Ключевые слова | Компьютерные технологии | ||
| a | Ключевые слова | Компьютеры | ||
| a | Ключевые слова | Моделирование | ||
| a | Ключевые слова | Морфотактические парадигмы | ||
| a | Ключевые слова | Непрерывное вейвлет-преобразование | ||
| a | Ключевые слова | Обработка речи | ||
| a | Ключевые слова | Обработка языка | ||
| a | Ключевые слова | Процессоры морфотактических парадигм | ||
| a | Ключевые слова | Сети Петри | ||
| a | Ключевые слова | Сигналы | ||
| a | Ключевые слова | Системы с переменной структурой | ||
| a | Ключевые слова | Чувашский язык | ||
| 700 | 12 | a | Другие авторы | Желтов Валериан Павлович |
| e | Роль лиц | отв. ред. | ||
| q | Полное имя | Желтов В. П. | ||
| 901 | t | Тип документа | m | |
| 920 | a | Оператор | Густ | |
| 930 | a | Новая/Ретро | сборники | |
| 952 | c | Вид литературы | К рн | |
| 954 | a | Дата поступления на обработку | 20100507 |